MARC

LEADER 00000nam0a2200000 4500
001 40430
005 20231031012749.0
010 |a 5222016471 
035 |a (RuTPU)RU\TPU\book\41484 
090 |a 40430 
100 |a 20020516d2001 m y0rusy50 ca 
101 0 |a rus  |a kor 
102 |a RU 
105 |a y z 000zy 
200 1 |a Русско-корейский разговорник  |f М. Е. Мун, Е. Д. Мун, О. Д. Ким 
210 |a Ростов-на-Дону  |c Феникс  |d 2001 
215 |a 224 с. 
610 1 |a корейский язык 
610 1 |a лексика 
610 1 |a разговорники 
610 1 |a разговорная речь 
610 1 |a разговорные темы 
686 |a Ш175.14-4  |v LBC/SL-A  |2 rubbk 
700 1 |a Мун  |b М. Е.  |g Михаил Енсонович 
701 1 |a Мун  |b Е. Д.  |g Енсон Дяхенович 
701 1 |a Ким  |b О. Д.  |g Ольга Дясековна 
801 1 |a RU  |b 63413507  |c 20020516  |g PSBO 
801 2 |a RU  |b 63413507  |c 20020529  |g PSBO 
942 |c BK